[Event "AUTO-ADV-1202"]
[Site "http://www.queenalice.com/game.php?id=627477"]
[Date "2009.7.30"]
[Round "2"]
[White "Deutsch88"]
[Black "wickedhardcore"]
[Result "0-1"]
[WhiteElo "1844"]
[BlackElo "1882"]

1. a3 g6 2. g3 Bg7 3. Bg2 Nc6 4. c4 Nf6 5. Nf3 O-O 6. Nc3 d5 7. cxd5 Nxd5 8. O-O
Bg4 9. h3 Be6 10. Qc2 Qd7 11. Kh2 a6 12. b4 Rfd8 13. Bb2 Nxc3 14. Bxc3 Bxc3 15.
dxc3 Bf5 16. Qd1 Qe6 0-1

[Event "AUTO-ADV-1202"]
[Site "http://www.queenalice.com/game.php?id=627478"]
[Date "2009.7.30"]
[Round "2"]
[White "TJ"]
[Black "Deutsch88"]
[Result "1-0"]
[WhiteElo "1892"]
[BlackElo "1828"]

1. d4 a6 2. e4 b5 3. a4 Bb7 4. axb5 axb5 5. Rxa8 Bxa8 6. Bxb5 Bxe4 7. f3 Bb7 8.
Ne2 Nf6 9. O-O e6 10. Nd2 Be7 11. Nb3 O-O 12. Nc5 Bc6 13. Bd3 d6 14. Nb3 Bd7 15.
Qe1 Nc6 16. Na5 1-0

[Event "AUTO-ADV-1202"]
[Site "http://www.queenalice.com/game.php?id=627479"]
[Date "2009.7.30"]
[Round "2"]
[White "Deutsch88"]
[Black "TJ"]
[Result "0-1"]
[WhiteElo "1815"]
[BlackElo "1905"]

1. a3 Nf6 2. b4 a5 3. b5 g6 4. c4 Bg7 5. Bb2 d6 6. Nf3 O-O 7. Qc2 Bf5 8. d3 Re8
9. g3 c6 10. Nc3 e5 11. Bg2 e4 12. dxe4 Nxe4 13. Nxe4 Bxe4 14. Qd2 Bxb2 15. Qxb2
Bd3 0-1

[Event "Challenge"]
[Site "http://www.queenalice.com/game.php?id=691855"]
[Date "2009.12.2"]
[Round "-"]
[White "ymfrancois"]
[Black "Deutsch88"]
[Result "1-0"]
[WhiteElo "1882"]
[BlackElo "1748"]

1. e4 c6 2. d4 d5 3. e5 Bf5 4. Bd3 Bxd3 5. Qxd3 e6 6. Nf3 Qb6 7. O-O c5 8. c3
Nc6 9. a3 cxd4 10. b4 dxc3 11. Be3 Qc7 12. Bd4 Nxd4 13. Nxd4 Ne7 14. Nxc3 Rc8
15. Ncb5 Qc4 16. Nd6+ Kd7 17. Nxc4 Rxc4 18. Rac1 Rxc1 19. Rxc1 g6 20. Qb5+ 1-0

[Event "AUTO-ADV-1598"]
[Site "http://www.queenalice.com/game.php?id=708208"]
[Date "2010.1.4"]
[Round "1"]
[White "adres1"]
[Black "Deutsch88"]
[Result "0-1"]
[WhiteElo "1815"]
[BlackElo "1729"]

1. e4 a6 2. d4 b5 3. Nf3 Bb7 4. d5 Nf6 5. c4 b4 6. e5 Ne4 7. Qd4 f5 8. Bd3 c5 9.
O-O cxd4 10. Nxd4 g6 11. f3 Qb6 12. Be3 Bg7 13. fxe4 Bxe5 14. Nc2 Qc7 15. Nd2
Bxh2+ 16. Kh1 e6 17. exf5 gxf5 18. dxe6 dxe6 19. Nxb4 Rg8 20. Nf3 Qg3 21. Rf2
Bxf3 22. gxf3 Qh3 23. Rxh2 Qxf3+ 24. Rg2 Qxg2# 0-1

[Event "AUTO-ADV-1598"]
[Site "http://www.queenalice.com/game.php?id=708209"]
[Date "2010.1.4"]
[Round "1"]
[White "Deutsch88"]
[Black "adres1"]
[Result "1-0"]
[WhiteElo "1748"]
[BlackElo "1782"]

1. a3 Nf6 2. e3 e5 3. b4 d5 4. Bb2 Bd6 5. Nf3 Bg4 6. Be2 O-O 7. Nxe5 Bxe2 8.
Qxe2 c5 9. O-O cxb4 10. axb4 Bxb4 11. Ng4 Ne4 12. d3 Ng5 13. h4 Ne6 14. Nh6+ Kh8
15. Qf3 f6 16. Ng4 Nc6 17. Nc3 d4 18. Nd5 Bc5 19. e4 Ne5 20. Qg3 Nxg4 21. Qxg4
Nc7 22. Nxc7 Qxc7 23. f4 a5 24. Ra4 b6 25. Rf3 Rad8 26. Rg3 Rf7 27. Qf5 g6 28.
Qg4 Qc6 29. Rc4 Kg7 30. h5 f5 31. exf5 Rxf5 32. Qxf5 Rf8 33. Qe5+ Qf6 34. Qxf6+
Kxf6 35. Bxd4+ Bxd4+ 36. Rxd4 Rc8 37. hxg6 hxg6 38. Rd6+ Kf5 39. Rgxg6 Kxf4 40.
Rxb6 Rxc2 41. Ra6 Ra2 42. d4 Ke4 43. d5 Kxd5 44. Rg5+ Kc4 45. Raxa5 Rb2 46. Rgd5
Rb1+ 47. Kh2 Rb4 48. Rac5+ Kb3 49. Rb5 Ka4 50. Rxb4+ Kxb4 51. Kg3 Kc4 52. Rd8
Kc5 53. Kf4 Kc6 54. Ke5 Kc7 55. Rd6 Kc8 56. Ke6 Kc7 57. Ke7 Kc8 58. Rd7 Kb8 59.
Kd6 Kc8 60. Kc6 1-0

[Event "AUTO-ADV-1620"]
[Site "http://www.queenalice.com/game.php?id=717735"]
[Date "2010.1.21"]
[Round "1"]
[White "TiagoAntunes"]
[Black "Deutsch88"]
[Result "1-0"]
[WhiteElo "2128"]
[BlackElo "1737"]

1. e4 a6 2. d4 b5 3. Nf3 Bb7 4. Bd3 e6 5. a4 b4 6. O-O Nf6 7. Bg5 Be7 8. Nbd2
O-O 9. c3 bxc3 10. bxc3 h6 11. Bh4 d6 12. Qb1 Bc8 13. e5 Nd5 14. Bxe7 Qxe7 15.
c4 Nf4 16. Bh7+ Kh8 17. Be4 c6 18. Qb4 Rd8 19. Rfe1 c5 20. exd6 Qxd6 21. dxc5
Nc6 22. cxd6 Nxb4 23. Bxa8 Nc2 24. Ne5 Kg8 25. c5 Nxe1 26. Rxe1 Nd3 27. Nxd3 1-0

[Event "AUTO-ADV-1620"]
[Site "http://www.queenalice.com/game.php?id=717736"]
[Date "2010.1.21"]
[Round "1"]
[White "Deutsch88"]
[Black "TiagoAntunes"]
[Result "0-1"]
[WhiteElo "1735"]
[BlackElo "2129"]

1. a3 e5 2. b4 d5 3. Bb2 Bd6 4. Nf3 Nd7 5. e3 Ngf6 6. c4 O-O 7. Nc3 dxc4 8. Bxc4
b6 9. O-O Bb7 10. Nb5 e4 11. Nxd6 cxd6 12. Nd4 d5 13. Bb3 Ne5 14. Nf5 Re8 15.
Rc1 Ba6 16. Bxe5 Rxe5 17. Nd4 Bxf1 18. Nc6 Be2 19. Qxe2 Qc7 20. Qd1 Rh5 21. h3
Rg5 22. b5 Qd6 23. Nb4 d4 24. Rc6 Qd7 25. Kf1 Rxb5 0-1

[Event "Challenge"]
[Site "http://www.queenalice.com/game.php?id=754023"]
[Date "2010.3.30"]
[Round "-"]
[White "ORNELAS"]
[Black "Deutsch88"]
[Result "0-1"]
[WhiteElo "1707"]
[BlackElo "1733"]

1. b3 Nf6 2. Bb2 d6 3. g3 g6 4. Bg2 Bg7 5. Nf3 O-O 6. a4 c6 7. d3 e5 8. e4 Qe7
9. Nbd2 Na6 10. Ba3 Ne8 11. c4 f5 12. exf5 Bxf5 13. Qc2 Rd8 14. O-O e4 15. Bb2
exf3 16. Bxg7 Qxg7 17. Nxf3 Nb4 18. Qb1 Bxd3 19. Qc1 Bxf1 20. Bxf1 Rxf3 21. Ra2
Nxa2 22. Qc2 Nb4 23. Qd1 Qf6 24. Qe2 Nd3 25. Bg2 Rxf2 26. Qxd3 Qb2 27. Qe4 Re2
28. Qf3 Re1+ 29. Bf1 Qf6 30. Qxf6 Nxf6 31. Kf2 Rxf1+ 32. Kxf1 Re8 33. Kg2 Ne4
34. b4 Nd2 35. Kh3 Nxc4 36. b5 cxb5 37. axb5 Na3 38. b6 axb6 39. Kh4 Re5 40. g4
h6 41. h3 Nc4 42. Kg3 Nd2 43. Kf2 Kf7 44. Kg2 h5 45. gxh5 Rxh5 46. Kg3 Ne4+ 47.
Kg4 Nf2+ 48. Kg3 Nxh3 49. Kf3 Re5 50. Kg4 Rf5 51. Kxh3 Rg5 52. Kh4 Kf6 53. Kh3
d5 54. Kh2 d4 55. Kh3 d3 56. Kh4 d2 0-1

[Event "AUTO-OPEN-2860"]
[Site "http://www.queenalice.com/game.php?id=1129496"]
[Date "2012.12.8"]
[Round "1"]
[White "dgrecu"]
[Black "Deutsch88"]
[Result "0-1"]
[WhiteElo "1366"]
[BlackElo "1778"]

1. e4 a6 2. Nc3 b5 3. Nf3 Bb7 4. d4 b4 5. Na4 Bxe4 6. Ng5 Bc6 7. Nc5 d6 8. Nd3
h6 9. Nf3 a5 10. c4 Nf6 11. d5 Bb7 12. Qa4+ Qd7 13. Qb3 c6 14. c5 Nxd5 15. a3
Na6 16. axb4 Naxb4 17. Nxb4 Nxb4 18. cxd6 Qxd6 19. Bc4 e6 20. O-O Be7 21. Bd2
O-O 22. Rfd1 Qc7 23. Bxb4 axb4 24. Rxa8 Rxa8 25. h3 c5 26. Ne1 Rd8 27. Rc1 Bf6
0-1

[Event "AUTO-OPEN-2860"]
[Site "http://www.queenalice.com/game.php?id=1129497"]
[Date "2012.12.8"]
[Round "1"]
[White "Deutsch88"]
[Black "dgrecu"]
[Result "1-0"]
[WhiteElo "1775"]
[BlackElo "1448"]

1. a3 d5 2. b4 b5 3. Bb2 Nc6 4. e3 Nf6 5. Nf3 Bg4 6. Be2 Bf5 7. O-O e5 8. Nxe5
Nxe5 9. Bxe5 Ne4 10. Bxb5+ Bd7 11. Bxd7+ Qxd7 12. d3 Ng5 13. Bb2 a5 14. Nd2 Qd6
15. Nf3 Be7 16. Nxg5 Bxg5 17. f4 Bf6 18. Bxf6 Qxf6 19. Qf3 c6 20. b5 O-O 21.
bxc6 Qxc6 22. c4 Qg6 23. Qxd5 Rfd8 24. Qe4 Rxd3 25. Qxa8+ 1-0

[Event "AUTO-OPEN-2860"]
[Site "http://www.queenalice.com/game.php?id=1129516"]
[Date "2012.12.8"]
[Round "1"]
[White "jeancarlo1910"]
[Black "Deutsch88"]
[Result "0-1"]
[WhiteElo "1771"]
[BlackElo "1784"]

1. c4 Nf6 2. Nc3 g6 3. d4 Bg7 4. g3 O-O 5. Bg2 d6 6. Nf3 Nbd7 7. O-O c6 8. e4 e5
9. d5 Nc5 10. Bg5 h6 11. Bxf6 Bxf6 12. b4 Nd7 13. a4 Bg7 14. Ne1 Nb6 15. c5 dxc5
16. bxc5 Nd7 17. dxc6 bxc6 18. Nd3 Qa5 19. Ne2 Nxc5 20. Nxc5 Qxc5 21. Kh1 Ba6
22. Re1 Qxf2 23. Ng1 Qd4 24. Nf3 Qxd1 25. Raxd1 Rfd8 26. Nh4 Kf8 27. Rc1 Rac8
28. Rc5 Rc7 29. Nf3 f6 30. Nh4 Kf7 31. Rec1 Rd6 0-1

[Event "AUTO-OPEN-2860"]
[Site "http://www.queenalice.com/game.php?id=1129517"]
[Date "2012.12.8"]
[Round "1"]
[White "Deutsch88"]
[Black "jeancarlo1910"]
[Result "1-0"]
[WhiteElo "1799"]
[BlackElo "1756"]

1. f3 e5 2. Kf2 e4 3. b3 d5 4. e3 Nf6 5. Bb2 exf3 6. Nxf3 Ne4+ 7. Kg1 Bg4 8. Be2
Nc6 9. d3 Nd6 10. Nbd2 Qe7 11. Kf2 Bxf3 12. Nxf3 Nf5 13. Qd2 O-O-O 14. Rhe1 h5
15. Bf1 h4 16. Kg1 f6 17. Qf2 Qd6 18. c4 dxc4 19. bxc4 Qb4 20. Rab1 Qa5 21. a3
h3 22. g3 Kb8 23. Nd2 Nxg3 24. hxg3 h2+ 25. Kh1 Ne5 26. Bxe5 Qxe5 27. Qf3 b6 28.
Bg2 Kc8 29. Rb5 Qc3 30. Qb7+ Kd7 31. Qc6+ Ke7 32. Rd5 1-0

[Event "Challenge"]
[Site "http://www.queenalice.com/game.php?id=1129712"]
[Date "2012.12.9"]
[Round "-"]
[White "Deutsch88"]
[Black "reccar"]
[Result "1-0"]
[WhiteElo "1780"]
[BlackElo "1534"]

1. e4 e5 2. Nf3 Nc6 3. d4 Nxd4 4. Nxd4 exd4 5. Qxd4 d6 6. Bc4 c5 7. Qe3 Nf6 8.
O-O Be7 9. Nc3 a6 10. a4 O-O 11. f4 Ng4 12. Qf3 Bd7 13. Nd5 Nf6 14. Nxe7+ Qxe7
15. e5 dxe5 16. fxe5 Qxe5 17. Qxb7 Qd4+ 18. Rf2 Ng4 19. Bxf7+ Kh8 20. Qf3 Ne5
21. Qd5 Bc6 22. Qxd4 cxd4 23. Bh5 Rxf2 24. Kxf2 Rf8+ 25. Kg1 Nd7 26. b3 Nf6 27.
Be2 Ne4 28. Bxa6 Nc3 29. Bb2 Ne2+ 30. Bxe2 Rd8 31. Rd1 Rd5 32. Rxd4 Rxd4 33.
Bxd4 h6 34. Bb5 Ba8 35. a5 Kh7 36. a6 h5 37. Bd7 g6 38. Bc8 Kh6 39. Bb7 Bxb7 40.
axb7 1-0